00543pab a2200157 454500008004000000100001900040245013900059260000900198300001300207362001200220650004200232650005000274650002200324700002200346773001700368180718b2015 xxu||||| |||| 00| 0 eng d aSharma, Sakshi aSocial support and its relationship of work life balance- a study of medical professionals in government hospitals of Himachal Pradesh c2015 ap.56-66. aApr-Jun aHospitals - India - Himachal Pradesh aMedical personnel - India - Himachal Pradesh aMedical personnel aParmar, Jai Singh aProductivity